Langues les plus parlées en France - Statistiques

Statistiques générales
  • Ce quiz a été pris 116 fois
  • Le résultat moyen est 11 sur 16
Statistiques - réponses
Par images Hint Réponse % Correct
57 990 000 Français
99%
2 400 000 Arabe
94%
1 410 000 Allemand
93%
800 000 Espagnol
93%
1 130 000 Portugais
93%
670 000 Italien
91%
230 000 Breton
88%
220 000 Turc
87%
150 000 Corse
86%
320 000 Vietnamien
77%
1 670 000 Occitan
68%
130 000 Basque
57%
1 560 000 Amazigh
28%
710 000 Picard
23%
210 000 Gallo
15%
160 000 Arpitan
5%
Aucun quiz correspondant
Distribution des résultats
% des personnes avec chaque résultat
Percentile par nombre de réponses
Votre historique - résultats
Vous n’avez pas pris ce quiz